Teritoriální informace: Švédsko, Izrael
Nové ekonomické opatrenia vo Švédsku. Zmeny v právnych normách. Účtovníctvo, dane. Sociálne zabezpečenie. Pripravované opatrenia vo Švédsku pre ďalšie obdobie. Hospodárske vzťahy ČR a Švédska. Nové diaľnice v Izraeli.
Gespeichert in:
| Format: | Buchkapitel |
|---|---|
| Sprache: | Tschechisch |
| Schlagworte: | |
| Tags: |
Keine Tags, Fügen Sie das erste Tag hinzu!
|
MARC
| LEADER | 00000naa a2200000 4500 | ||
|---|---|---|---|
| 001 | r021201 | ||
| 005 | 20230908093124.1 | ||
| 041 | 0 | |a cze | |
| 044 | |a CZ | ||
| 245 | 1 | 0 | |a Teritoriální informace: Švédsko, Izrael |
| 520 | |a Nové ekonomické opatrenia vo Švédsku. Zmeny v právnych normách. Účtovníctvo, dane. Sociálne zabezpečenie. Pripravované opatrenia vo Švédsku pre ďalšie obdobie. Hospodárske vzťahy ČR a Švédska. Nové diaľnice v Izraeli. | ||
| 610 | 2 | 0 | |a styk zahraničnoobchodný |
| 610 | 2 | 0 | |a informácie |
| 610 | 2 | 0 | |a Švédsko |
| 610 | 2 | 0 | |a informácie ekonomické |
| 610 | 2 | 0 | |a zabezpečenie sociálne |
| 610 | 2 | 0 | |a účtovníctvo |
| 610 | 2 | 0 | |a dane |
| 610 | 2 | 0 | |a Izrael |
| 610 | 2 | 0 | |a diaľnice |
| 610 | 2 | 0 | |a Česko |
| 610 | 2 | 0 | |a vzťahy ekonomické |
| 610 | 2 | 0 | |a vývoz |
| 610 | 2 | 0 | |a dovoz |